| 000 | 01068nam a2200217Ia 4500 | ||
|---|---|---|---|
| 999 |
_c39748 _d39748 |
||
| 001 | 6353 | ||
| 003 | GE_BSU | ||
| 005 | 20191122103019.0 | ||
| 008 | 181216s1972||||ge |||||||||||||| ||geo|| | ||
| 040 | _cGE_BSU | ||
| 041 | _ageo | ||
| 080 | _a811.353.1'373 ქ-27 | ||
| 245 |
_aქართული სიტყვის კულტურის საკითხები : _bწ.1. სტატიების კრებული / _cსარედ. კოლ. ივანე გიგინეიშვილი. ლ. ლეჟავა, ქ. ლომთათიძე და სხვ. |
||
| 264 |
_aთბილისი : _bმეცნიერება, _c1972. |
||
| 300 |
_a262 გვ.; _b22 სმ. |
||
| 653 | _aქართული სიტყვის კულტურა | ||
| 700 |
_aგიგინეიშვილი, ი. _eრედაქტორი _95514 |
||
| 700 |
_aლეჟავა, ლ. _eრედაქორი _95515 |
||
| 700 |
_aლომთათიძე, ქ. _eრედაქტორი _92924 |
||
| 942 |
_cBK _2udc |
||